000 01064nam a22002657a 4500
999 _c18083
_d18083
003 AR-CdUCM
008 190511b ||||| |||| 00| 0 spa d
040 _aMUNICIPALIDAD PROVINCIAL DEL CUSCO
_cBIBLIOTECA MUNICIPAL DEL CUSCO
041 _heng
082 _a338.1 /
_bC24
110 _aCentro Regional de Ayuda Técnica.
_910048
245 _aCambios socioeconómicos en la agricultura moderna /
260 _aMéxico :
_bLimusa,
_c1977.
300 _aX, 408 páginas ;
_bfiguras, tablas,
_c24 cm.
505 _aContenido: Complementaridades de los macro y microenfoques -- La tecnología y su uso -- La economía y la política -- Ciencias sociales y desarrollo -- Síntesis: Conceptos y estrategias.
650 _aDesarrollo agrícola
_91453
650 _aTecnología
_91571
650 _aEconomía
_9382
650 _aPolítica
_9291
700 _aLeagans, J. Paúl
_938459
700 _aLoomis, Charles P. (compiladores)
_938460
710 _aAgencia para el Desarrollo Internacional (AID)
_910049
942 _2ddc
_cLIBROS
945 _aachl
_d2019-05-11